|
|
|
|
| LEADER |
00877nam a2200229 i 4500 |
| 001 |
c000026881 |
| 003 |
CARM |
| 005 |
00000000000000.0 |
| 008 |
850318s1969 gw 0 eng d |
| 019 |
1 |
|
|a 8787480
|z 9250393
|z 53524783
|5 LACONCORD2021
|
| 035 |
|
|
|a (OCoLC)9482877
|5 LACONCORD2021
|
| 100 |
1 |
|
|a Hermes, Hans.
|
| 245 |
1 |
0 |
|a Einfuhrung in die mathematische Logik :
|b klassische Pradikatenlogik.
|
| 250 |
|
|
|a 2., durchgesehene und erw. Aufl.
|
| 260 |
|
|
|a Stuttgart :
|b Teubner,
|c [1969].
|
| 300 |
|
|
|a 204 p.
|
| 490 |
0 |
|
|a Mathematische Leitfaden
|
| 500 |
|
|
|a Bibliography: p. [195]-196.
|
| 650 |
|
0 |
|a Logic, Symbolic and mathematical.
|
| 852 |
8 |
|
|b CARM
|h A2:AF31F0
|i C01173
|p 0018217
|f BK
|
| 999 |
f |
f |
|i 35de75bc-a0e9-515b-bc54-16d7ce3a01e8
|s ec7f4a13-43ef-530d-99b3-97e467f986fc
|
| 952 |
f |
f |
|p Can circulate
|a CAVAL
|b CAVAL
|c CAVAL
|d CARM 1 Store
|e C01173
|f A2:AF31F0
|h Other scheme
|i book
|m 0018217
|